الفن التشكيلي في السودان (notice n° 8304)
[ vue normale ]
| 000 -Label | |
|---|---|
| leader | 01282nam a2200205 4500 |
| 099 ## - Informations locales | |
| Type de document | Livre |
| 100 ## - Données générales de traitement | |
| a | 20250612d u||y0frey5050 ba |
| 101 ## - Langue | |
| langue document | arabe |
| 102 ## - Pays d'édition ou de production | |
| pays d'édition | Tunisie |
| 200 ## - Titre | |
| titre propre | الفن التشكيلي في السودان |
| type de document | Livre |
| auteur | راشد دياب |
| 210 ## - Editeur | |
| lieu de publication | Tunis |
| nom de l'éditeur | المنظمة العربية للتربية و الثقافة و العلوم |
| date de publication | 2004 |
| 215 ## - Description | |
| Importance matérielle | 171p. |
| autres carac. | couv.ill. |
| format | 27x23,5 |
| 606 ## - sujets | |
| sujet | الفن التشكيلي في السودان |
| subdiv. sujet | السودان الموقع و التاريخ |
| -- | أثر الفنون التقليدية و الشعبية في الفنون التشكيلية المعاصرة |
| -- | الرواد قبل التعليم الأكاديمي |
| -- | فن المقاهي |
| -- | المدراس التشكيلية |
| -- | الاصالة و المعاصرة في التشكيل السوداني |
| -- | بيان المدرسة الكريستالية |
| -- | فنون الكتابة في السودان |
| -- | الحروفية السودانية |
| -- | الخط العربي |
| -- | اتحاد الفنانين التشكيليين السودانيين |
| koha internal code | 21488 |
| 700 ## - Auteur | |
| code de fonction | Auteur |
| auteur | دياب |
| prénom | راشد |
| koha internal code | 21478 |
| 701 ## - coauteur | |
| code de fonction | Conception Graphique |
| prénom | عبد الرزاق الخشين |
| koha internal code | 21479 |
| 701 ## - coauteur | |
| koha internal code | 21480 |
| 801 ## - source de catalogage | |
| pays | TN |
| agence de catalogage | 32BIS |
| date de la transaction | 20250612 |
| règles de catalogage utilisées | UNIMARC |
| 830 ## - note | |
| catalogeur | MS |
| Propriétaire | Dépositaire | Localisation | Code barre | Numéro Inventaire | Cote | Note | Statut |
|---|---|---|---|---|---|---|---|
| The 32bis Library | The 32bis Library | Salle de lecture 32BIS | 006145 | 6067 | 709.63 DIA | FILT | Consultable sur place |